El sistema del mundo
Uloženo v:
| Hlavní autor: | |
|---|---|
| Médium: | Kniha |
| Jazyk: | španělština |
| Vydáno: |
Madrid
Alianza
1983
|
| Edice: | El Libro de Bolsillo, Sección Clásicos, 980
|
| Témata: | |
| Tagy: |
Přidat tag
Žádné tagy, Buďte první, kdo vytvoří štítek k tomuto záznamu!
|
MARC
| LEADER | 00000nam a2200000 a 4500 | ||
|---|---|---|---|
| 001 | UCW8494 | ||
| 003 | CL-VaPUC | ||
| 005 | 20220818175822.0 | ||
| 008 | 880914e19830000SP |||||||||||||||||spa|d | ||
| 999 | |c 220846 |d 220844 | ||
| 040 | |c Pontificia Universidad Católica de Valparaíso | ||
| 082 | 0 | 4 | |a 523.2 |b NEW |2 21 |
| 100 | |a Newton, Isaac |e autor |9 875665 | ||
| 245 | 1 | 3 | |a El sistema del mundo |
| 260 | |a Madrid |b Alianza |c 1983 | ||
| 300 | |a 135 p | ||
| 490 | 0 | |a El Libro de Bolsillo, Sección Clásicos, 980 | |
| 583 | |a last modification |c 19880914 00:00:00 |k Rodrigo Vera | ||
| 650 | 7 | |a SISTEMA SOLAR |2 CL-VaPUC |9 268650 | |
| 942 | |c BK |2 ddc | ||
| 945 | |d 19880914 00:00:00 | ||
| 952 | |0 0 |1 0 |4 0 |6 523_200000000000000_NEW_1983 |7 0 |8 A |9 213570 |a BIBCUR |b BIBCUR |d 2019-11-15 |i 3181995 |o 523.2 NEW 1983 |p 3181995 |r 2025-04-22 |w 2019-11-15 |y BK |k BCB | ||
| 952 | |0 0 |1 0 |4 0 |6 523_200000000000000_NEW_1983 |7 0 |8 A |9 213571 |a BIBCUR |b BIBCUR |d 2019-11-15 |i 1747010 |o 523.2 NEW 1983 |p 1747010 |r 2025-04-22 |w 2019-11-15 |y BK |k BCB | ||
| 952 | |0 0 |1 0 |4 0 |6 523_200000000000000_NEW_1983 |7 0 |8 A |9 213572 |a BIBCUR |b BIBCUR |d 2019-11-15 |i 2682125 |o 523.2 NEW 1983 |p 2682125 |r 2025-04-22 |w 2019-11-15 |y BK |k FIS | ||